| 000 | 003190000a22001330004500 | ||
|---|---|---|---|
| 003 | MACL | ||
| 040 | _aMACL | ||
| 090 |
_c9034 _d9033 |
||
| 100 | _aShastri, J L | ||
| 245 |
_aAncient Indian Tradition & Mythology _bVol 16 part 2 |
||
| 260 |
_bMotilal Banarsidass Publishers _c1981 |
||
| 650 | _aReligion | ||
| 942 |
_cBOOK _k294 |
||
| 999 |
_c8979 _d8979 |
||